Представление документа в формате MARC21

ПолеНазваниеЗначение
  Тип записи a
  Библиографический уровень m
001 Контрольный номер RU\infra-m\znanium\bibl\2218812
005 Дата корректировки 20260429142303.5
008 Кодируемые данные 260413s2025 RU g rus u
020 Индекс ISBN __
a ISBN 978-5-16-018203-2
020 Индекс ISBN __
a ISBN 978-5-16-111208-3 (электр. издание)
040 Источник каталогиз. __
a Служба первич. каталог. Общество с ограниченной ответственностью «ЗНАНИУМ»
041 Код языка издания __
a Код языка текста rus
044 Код страны публикации __
a Код страны публикации RU
080 Индекс УДК __
a Индекс УДК 728.1(075.8)
084 Индекс другой классификации/Индекс ББК __
2 Источник индекса rubbk
a Индекс другой классификации/Индекс ББК 85.11я73
084 Индекс другой классификации/Индекс ББК __
2 Источник индекса okso
a Индекс другой классификации/Индекс ББК 07.03.01
084 Индекс другой классификации/Индекс ББК __
2 Источник индекса okso
a Индекс другой классификации/Индекс ББК 08.03.01
100 Автор __
a Автор Сысоева Е.В.
q Полное имя Сысоева Елена Владимировна
u Дополнение Национальный исследовательский Московский государственный строительный университет
245 Заглавие __
a Заглавие Архитектурные конструкции и теория конструирования: Малоэтажные жилые здания
b Продолж. заглавия Учебное пособие
c Ответственность Национальный исследовательский Московский государственный строительный университет
250 Сведения об издании __
g перераб. и доп.
a Основные сведения об издании 2
260 Выходные данные __
a Место издания Москва
b Издательство ООО "Научно-издательский центр ИНФРА-М"
c Дата издания 2026
300 Физическое описание __
a Объем 258 с.
440 Серия __
a Серия Высшее образование
520 Аннотация __
a Аннотация Учебное пособие знакомит с различными типами конструктивных систем зданий отдельными конструктивными элементами их характеристиками и назначением. В конце представлен строительный словарь терминов используемых в тексте. Соответствует требованиям федеральных государственных образовательных стандартов высшего образования последнего поколения. Для студентов высших учебных заведений обучающихся по направлению подготовки «Строительство» осваивающих дисциплину «Основы архитектурно-строительного проектирования зданий и сооружений». Представляет интерес для преподавателей архитектурных и строительных факультетов.
521 Примеч. о цел. назн. __
a Примеч. о целев. назн. ВО - Бакалавриат
650 Тематические рубрики __
a Основная рубрика Архитектура. Искусство
x Основная подрубрика Теория и история архитектуры
655 Указ. предметных рубрик (устаревшее) __
a Жанр/ форма (устаревшее) Учебное пособие
700 Другие авторы __
a Другие авторы Трушин С.И.
q Полное имя Трушин Сергей Иванович
u Дополнение Национальный исследовательский Московский государственный строительный университет
700 Другие авторы __
a Другие авторы Коновалов В.П.
q Полное имя Коновалов Владимир Павлович
u Дополнение Национальный исследовательский Московский государственный строительный университет
856 Электронный адрес документа 4_
a Имя сервера/домена znanium.ru
m Помощь ebs_support@infra-m.ru
n Местонахождение сервера НИЦ ИНФРА-М
u URL https://znanium.ru/catalog/document?id=467400
856 Электронный адрес документа 48
a Имя сервера/домена znanium.ru
d Путь /cover/2218
f Электронное имя 2218812.jpg
q Тип электронного формата image/jpeg
u URL https://znanium.ru/cover/2218/2218812.jpg
911 __
u 0030=https://znanium.ru/catalog/document?id=467400